<?xml version="1.0" encoding="UTF-8"?>
<record
    xmlns:xsi="http://www.w3.org/2001/XMLSchema-instance"
    xsi:schemaLocation="http://www.loc.gov/MARC21/slim http://www.loc.gov/standards/marcxml/schema/MARC21slim.xsd"
    xmlns="http://www.loc.gov/MARC21/slim">

  <leader>00748nam a22001577a 4500</leader>
  <controlfield tag="003">OSt</controlfield>
  <controlfield tag="005">20151202142639.0</controlfield>
  <controlfield tag="008">151202b        xxu||||| |||| 00| 0 eng d</controlfield>
  <datafield tag="040" ind1=" " ind2=" ">
    <subfield code="c">RUA</subfield>
  </datafield>
  <datafield tag="082" ind1=" " ind2=" ">
    <subfield code="a">FIS SRE 2002 B173 Or.1</subfield>
  </datafield>
  <datafield tag="100" ind1=" " ind2=" ">
    <subfield code="9">4142</subfield>
    <subfield code="a">SREY, SAMANN.</subfield>
  </datafield>
  <datafield tag="245" ind1=" " ind2=" ">
    <subfield code="a">Use of efluent from biogas stove as fertilizer for primary production and as feed of lilapia (Oreochromis niloticus),&#x1780;&#x17B6;&#x179A;&#x1794;&#x17D2;&#x179A;&#x17BE;&#x1794;&#x17D2;&#x179A;&#x17B6;&#x179F;&#x17CB;&#x179F;&#x17C6;&#x178E;&#x179B;&#x17CB;&#x179A;&#x17B6;&#x179C;&#x1796;&#x17B8;&#x17A1;&#x1787;&#x17B8;&#x179C;&#x17A7;&#x179F;&#x17D2;&#x1798;&#x17D0;&#x1793;&#x1795;&#x17D2;&#x178A;&#x179B;&#x17CB;&#x1787;&#x17B6;&#x1787;&#x17B8;&#x179F;&#x17C6;&#x179A;&#x17B6;&#x1794;&#x17CB;&#x1796;&#x1796;&#x17BD;&#x1780;&#x1795;&#x179B;&#x17B7;&#x178F;&#x1780;&#x1798;&#x17D2;&#x1798;&#x178A;&#x17C6;&#x1794;&#x17BC;&#x1784; &#x1793;&#x17B7;&#x1784;&#x1787;&#x17B6;&#x1785;&#x17C6;&#x178E;&#x17B8;&#x179A;&#x1794;&#x179F;&#x17CB;&#x178F;&#x17D2;&#x179A;&#x17B8;&#x1791;&#x17B8;&#x17A1;&#x17B6;&#x1796;&#x17D2;&#x1799;&#x17B6;</subfield>
  </datafield>
  <datafield tag="260" ind1=" " ind2=" ">
    <subfield code="a">Phnom Penh</subfield>
    <subfield code="b">RUA</subfield>
    <subfield code="c">2002</subfield>
  </datafield>
  <datafield tag="300" ind1=" " ind2=" ">
    <subfield code="a">40p.</subfield>
    <subfield code="b">ill.</subfield>
    <subfield code="c">29cm.</subfield>
  </datafield>
  <datafield tag="942" ind1=" " ind2=" ">
    <subfield code="2">ddc</subfield>
    <subfield code="c">FIS</subfield>
  </datafield>
  <datafield tag="999" ind1=" " ind2=" ">
    <subfield code="c">3854</subfield>
    <subfield code="d">3854</subfield>
  </datafield>
  <datafield tag="952" ind1=" " ind2=" ">
    <subfield code="0">0</subfield>
    <subfield code="1">0</subfield>
    <subfield code="2">ddc</subfield>
    <subfield code="4">0</subfield>
    <subfield code="6">FIS_SRE_2002_000000000000000_B173_OR_1</subfield>
    <subfield code="7">0</subfield>
    <subfield code="9">19433</subfield>
    <subfield code="a">LBB</subfield>
    <subfield code="b">LBB</subfield>
    <subfield code="c">B173</subfield>
    <subfield code="d">2015-12-02</subfield>
    <subfield code="o">FIS SRE 2002 B173 Or.1</subfield>
    <subfield code="p">RUA010670</subfield>
    <subfield code="r">2015-12-02</subfield>
    <subfield code="w">2015-12-02</subfield>
    <subfield code="y">FIS</subfield>
  </datafield>
  <datafield tag="952" ind1=" " ind2=" ">
    <subfield code="0">0</subfield>
    <subfield code="1">0</subfield>
    <subfield code="2">ddc</subfield>
    <subfield code="4">0</subfield>
    <subfield code="6">FIS_SRE_2002_000000000000000_B173_OR_2</subfield>
    <subfield code="7">0</subfield>
    <subfield code="9">19434</subfield>
    <subfield code="a">LBB</subfield>
    <subfield code="b">LBB</subfield>
    <subfield code="c">B173</subfield>
    <subfield code="d">2015-12-02</subfield>
    <subfield code="l">1</subfield>
    <subfield code="o">FIS SRE 2002 B173 Or.2</subfield>
    <subfield code="p">RUA010816</subfield>
    <subfield code="r">2016-02-03</subfield>
    <subfield code="s">2016-01-20</subfield>
    <subfield code="w">2015-12-02</subfield>
    <subfield code="y">FIS</subfield>
  </datafield>
  <datafield tag="952" ind1=" " ind2=" ">
    <subfield code="0">0</subfield>
    <subfield code="1">0</subfield>
    <subfield code="2">ddc</subfield>
    <subfield code="4">0</subfield>
    <subfield code="6">FIS_SRE_2002_000000000000000_B173_OR_3</subfield>
    <subfield code="7">0</subfield>
    <subfield code="9">19435</subfield>
    <subfield code="a">LBB</subfield>
    <subfield code="b">LBB</subfield>
    <subfield code="c">B173</subfield>
    <subfield code="d">2015-12-02</subfield>
    <subfield code="o">FIS SRE 2002 B173 Or.3</subfield>
    <subfield code="p">RUA028507</subfield>
    <subfield code="r">2015-12-02</subfield>
    <subfield code="w">2015-12-02</subfield>
    <subfield code="y">FIS</subfield>
  </datafield>
  <datafield tag="952" ind1=" " ind2=" ">
    <subfield code="0">0</subfield>
    <subfield code="1">0</subfield>
    <subfield code="2">ddc</subfield>
    <subfield code="4">0</subfield>
    <subfield code="6">FIS_SRE_2002_000000000000000_B173_OR_4</subfield>
    <subfield code="7">0</subfield>
    <subfield code="9">19436</subfield>
    <subfield code="a">LBB</subfield>
    <subfield code="b">LBB</subfield>
    <subfield code="c">B173</subfield>
    <subfield code="d">2015-12-02</subfield>
    <subfield code="o">FIS SRE 2002 B173 Or.4</subfield>
    <subfield code="p">RUA010813</subfield>
    <subfield code="r">2015-12-02</subfield>
    <subfield code="w">2015-12-02</subfield>
    <subfield code="y">FIS</subfield>
  </datafield>
  <datafield tag="952" ind1=" " ind2=" ">
    <subfield code="0">0</subfield>
    <subfield code="1">0</subfield>
    <subfield code="2">ddc</subfield>
    <subfield code="4">0</subfield>
    <subfield code="6">FIS_SRE_2002_000000000000000_B173_OR_5</subfield>
    <subfield code="7">0</subfield>
    <subfield code="9">19437</subfield>
    <subfield code="a">LBB</subfield>
    <subfield code="b">LBB</subfield>
    <subfield code="c">B173</subfield>
    <subfield code="d">2015-12-02</subfield>
    <subfield code="o">FIS SRE 2002 B173 Or.5</subfield>
    <subfield code="p">RUA010599</subfield>
    <subfield code="r">2015-12-02</subfield>
    <subfield code="w">2015-12-02</subfield>
    <subfield code="y">FIS</subfield>
  </datafield>
  <datafield tag="952" ind1=" " ind2=" ">
    <subfield code="0">0</subfield>
    <subfield code="1">0</subfield>
    <subfield code="2">ddc</subfield>
    <subfield code="4">0</subfield>
    <subfield code="6">FIS_SRE_2002_000000000000000_B173_OR_6</subfield>
    <subfield code="7">0</subfield>
    <subfield code="9">19438</subfield>
    <subfield code="a">LBB</subfield>
    <subfield code="b">LBB</subfield>
    <subfield code="c">B173</subfield>
    <subfield code="d">2015-12-02</subfield>
    <subfield code="l">1</subfield>
    <subfield code="o">FIS SRE 2002 B173 Or.6</subfield>
    <subfield code="p">RUA010961</subfield>
    <subfield code="r">2017-01-16</subfield>
    <subfield code="s">2017-01-04</subfield>
    <subfield code="w">2015-12-02</subfield>
    <subfield code="y">FIS</subfield>
  </datafield>
</record>
